Profile: Sheldon Cooper Quiz Stats

Quiz Updated Jan 17, 2013

Challenge
Share
Tweet
Embed
Score 0/20 Timer 08:00
0 Plays Today
Question Answer % Correct
What state is Sheldon from?Texas
94.1%
What is Sheldon's catchphrase?Bazinga!
90.8%
How old was Sheldon when he first attended college?11
89%
What song does Sheldon's mother (or Penny) sing to him when he is sick?Soft Kitty
83.1%
What is Sheldon's job?Theoretical physicist
81.3%
Who is Sheldon's girlfriend, according to a 31 page relationship agreement?Amy Farrah Fowler
72.5%
Which Star Trek actor does Sheldon swear vengeance against?Wil Wheaton
63.7%
Penny's Christmas gift to Sheldon was a used napkin signed by who?Leonard Nimoy
60.6%
What does Sheldon do on Saturday nights?Laundry
56.1%
What nickname does Sheldon's Grandmother (Me-Ma) have for him?Moon Pie
43.2%
Question Answer % Correct
What Science Fiction series does Leonard love and Sheldon hate?Babylon 5
38.9%
Sheldon believes that Rupert Murdoch betrayed him because which television series was cancelled?Firefly
38.2%
What does Sheldon order at the Cheesecake Factory?Barbecue Bacon Cheeseburger with Barbecue Sauce, Bacon, and Cheese on the side
37.8%
What is Sheldon's kryptonite?His mother
35%
What is Sheldon's Wednesday night activity?Halo
34.8%
When Sheldon was filling out Penny's forms at the hospital after she separated her shoulder, what was the reason he gave for cause of accident?Lack of Adhesive Ducks
30.2%
What does Sheldon sometimes bring to the movies to test for the acoustic sweet spot?Toy Xylophone
18.8%
When Sheldon tested his CAT scanner on his sister's guinea pig, it led to what interesting expression in his house?Not a Snowball's chance in a CAT scanner
11.9%
What does Sheldon try to order from the bartender at the University mixer?Root Beer Float
11.3%
What is the name of the flowchart process to make friends that Sheldon created?The Friendship Algorithm
10.8%

You're not logged in!

Compare scores with friends on all Sporcle quizzes.
Sign Up with Email
OR
Log In

You Might Also Like...

Show Comments

Extras

Top Quizzes Today


Score Distribution

Your Account Isn't Verified!

In order to create a playlist on Sporcle, you need to verify the email address you used during registration. Go to your Sporcle Settings to finish the process.